000 00371pab a2200145 454500
008 180718b2000 xxu||||| |||| 00| 0 eng d
100 _aSingh, B.D.
245 _aIssue of sexual harassment - a legal perspective
260 _c2000
300 _ap.79-91
362 _aJul
650 _aSexual abuse
773 _aIndian Journal of Industrial Relations
909 _a46276
999 _c46276
_d46276